| 000 | 00706nam a2200205Ia 4500 | ||
|---|---|---|---|
| 008 | 000000[1977?] sp a 0000000000spa00 | ||
| 020 | _a8434302829 | ||
| 090 | _aPSP00 C65m | ||
| 100 | 1 | _aCombalía DeXeus, Victoria | |
| 245 | 1 | 0 |
_aMateria y pensamiento en la pictura de Rafols Casamada _c/ Victoria Combalía Dexeus |
| 300 |
_a124 p. _c/ 21 cm. |
||
| 500 | _aCon el patronazgo de la empresa colombiana PLARESA | ||
| 600 | 0 | 0 |
_aCASAMADA, RAFOLS, 1923/ _xTRABAJOS PICTORICOS |
| 650 | 1 | 4 | _aARTE CONTEMPORANEO ESPAÑOL |
| 650 | 1 | 4 | _xCATALOGOS |
| 650 | 1 | 4 | _aDIBUJOS ESPAÑOLES |
| 650 | 1 | 4 | _aPINTORES ESPAÑOLES |
| 650 | 1 | 4 | _aPINTURA ESPAÑOLA |
| 999 |
_c8145 _d8145 |
||
| 260 |
_aBarcelona : Polígrafa _c1977 |
||